000 00453nam a2200169Ia 4500
003 OSt
005 20260326140912.0
008 190216s9999||||xx |||||||||||||| ||und||
040 _coclc
082 _a398.2
_bQUD/J
100 _aQudsi, S A
_98212
245 0 _aJinnu /
_cS A Qudsi
260 _bPoorna Publications,
_c1995.
_a Kozhikode:
300 _a130p
650 _aKathakal
942 _cBK
_2ddc
_h398.2
_iQUD/J
_k398.2
_mQUD/J
999 _c27216
_d27216